Návrh prípravy teplej vody v ubytovacom zariadení

Salvato in:
Dettagli Bibliografici
Autore principale: Struhárová, Elena, 1990- (Autore)
Altri autori: Jánošková, Taťjana, 1960- (Relatore della tesi)
Natura: Manoscritto Libro
Lingua:slovacco
Pubblicazione: Bratislava : STU v Bratislave SvF, 2014
Soggetti:
Accesso online:VAIS
Tags: Aggiungi Tag
Nessun Tag, puoi essere il primo ad aggiungerne!!

MARC

LEADER 00000ntm a22000003a 4500
001 stu297551
005 20150617230311.0
008 140919s2014----xo------------------slo-d
040 |a STU  |b slo 
041 0 |a slo 
044 |a xo 
100 1 |a Struhárová, Elena,  |d 1990-  |4 aut  |u V  |T SvF Stavebná fakulta  |X 58977  |U V  |Y 10  |7 A000058977 
242 0 0 |a Design of preparing hot water in accomodation facilty  |y eng 
245 1 |a Návrh prípravy teplej vody v ubytovacom zariadení 
260 |a Bratislava :  |b STU v Bratislave SvF,  |c 2014 
650 7 |a Building Services  |2 estusub 
650 7 |a solárny kolektor  |2 stusub 
650 7 |a príprava teplej vody  |2 stusub 
700 1 |a Jánošková, Taťjana,  |d 1960-  |4 ths  |u V290  |U SvF Stavebná fakulta  |T SvF Katedra technických zariadení budov  |X 2745  |U V290  |Y 31  |7 A000002745 
856 4 |a info a plný text  |u http://is.stuba.sk/zp/portal_zp.pl?podrobnosti=100811  |3 VAIS